000 00628nam a22001577a 4500
999 _c13894
_d13894
008 190508b ||||| |||| 00| 0 eng d
082 _22019
_aUT 1284
_bB21
100 _aBancale, Love Sunshine M.
_938686
245 _aFactors affecting the scholastic performance among third year accountancy students /
_cLove Sunshine M. Bancale, Merry Grace N. Quisaot, and Merafel joy S. Abule
260 _aDigos City:
_bUMDC,
_cJanuary 2019.
300 _a112 pages;
_c30 cm.
650 _aAccountancy
_xUndergraduate thesis.
_938663
700 _aQuisaot, Merry Grace N.
_938687
700 _aAbule, Merafel Joy S.
_938688
942 _2ddc
_cUT